000 00800nac a22002537a 4500
001 BR0602337
003 BR-BrBNA
005 20240105123323.0
008 230509b bl.|||m| |||| 00| 0 por d
040 _aBR-BrBNA
_bpor
_cBiblioteca Nacional de Agricultura
072 _aF01
090 _a2790 BR0602337
100 1 _aAddor, A.A.
110 1 _aMinistério da Agricultura, Rio de Janeiro, GB (Brasil). Serviço de Informação do Mercado Agrícola
_96975
245 1 _aConsiderações acerca da poaia
260 3 _aRio de Janeiro, GB (Brasil):
_c1947.
300 _a28 p.
490 _aSIA (Brazil)
_vno. 545
_x
650 _aIPECACUANHA
650 _aPLANTA PRODUTORA DE DROGA
650 _aPRODUÇÃO VEGETAL
909 _a202312
_bLúcia Elande
_c55
_dLúcia Elande
942 _2AGRIS
_n0
_cMS
999 _c294944
_d294944